000 00256nam a22001217a 4500
040 _cSY
082 _a333 JON 1999 C093
100 _aJon M. Conerad
245 _aResource Econimics
260 _aUSA
_bJon M. Conerad
_c1999
300 _a213p
942 _cEK
999 _c11211
_d11211